| 000 | 00895nam a2200181Ia 4500 | ||
|---|---|---|---|
| 008 | 100921s9999 xx 000 0 und d | ||
| 082 |
_b20145 _a915.4-7 थ 86 |
||
| 100 | _aबिनीवाले अविनाश. | ||
| 245 | _aजय कैलास ! जय मानस ! (काल्पनिक प्रवासवर्णन). | ||
| 260 |
_bगंधर्ववेद प्रकाशन,पुणे. _c1986 |
||
| 300 |
_a365 _b--- |
||
| 365 | _b90 | ||
| 520 | _aप्रवास स्थलवर्णन-नद्या. | ||
| 630 | _aजय कैलास ! जय मानस ! (काल्पनिक प्रवासवर्णन). | ||
| 650 | _aप्रवास स्थलवर्णन-नद्या. | ||
| 730 | _aजय कैलास ! जय मानस ! (काल्पनिक प्रवासवर्णन). | ||
| 942 | _cBOOK | ||
| 999 |
_c769258 _d769255 |
||